000 00701nam a22002297a 4500
003 OSt
005 20250922095324.0
008 250922t2023 ag ||||r|||| 00| p spa d
020 _a978-987-8429-31-1
040 _cBesoc
080 _082-1(82)
100 1 _aChaparro, Sergio.
_eautor
245 1 3 _aLa galería y otros lugares /
_cSergio Chaparro.
250 _a1a ed.
260 _aRosario :
_bEditorial Municipal de Rosario,
_c2023.
300 3 _a32 p. ;
_c21 cm.
490 0 _aPoesía ;
_v43
500 _a"La galería y otros lugares" fue finalista del Concurso Municipal de Poesía Felipe Aldana 2023.
650 4 _aLiteratura
_zArgentina
_ySiglo XXI
655 4 _aPoesía
942 _2udc
_cLPD
_n0
999 _c590
_d590